00483nam a2200181Ia 450000500170000000800460001702000180006303700100008104000180009104100130010908400080012210000130013024500450014326000310018826000310021926000090025085600420025920260115172611.0008 260114s9999 xx 000 0 eng d a9781009099950 aEBOOK aCRLbengcCRL aeng2eng qCRL aDey/Wang 0aComputational Topology for Data Analysis bCambridge University Press bCambridge University Press c2022 uhttps://doi.org/10.1017/9781009099950